Halálraítéltek

Elmentve itt :
Bibliográfiai részletek
Szerző: Juhász Ferenc
Dokumentumtípus: Cikk
Megjelent: 1985-08-03
Sorozat:Délmagyarország 75 No. 181
Kulcsszavak:múzeumok
Online Access:http://dmarchiv.bibl.u-szeged.hu/95173
LEADER 00432nab a2200157 i 4500
001 delm95173
005 20190909103230.0
008 190909s1985 hu o 0|| hun d
040 |a SZTE Délmagyarország Archívum  |b hun 
041 |a hun 
100 1 |a Juhász Ferenc 
245 1 0 |a Halálraítéltek  |h [elektronikus dokumentum] /  |c  Juhász Ferenc 
260 |c 1985-08-03 
300 |a 7 
490 0 |a Délmagyarország  |v 75 No. 181 
695 |a múzeumok